|
|
|
|
| LEADER |
02360nam a22004335i 4500 |
| 001 |
978-88-470-2059-7 |
| 003 |
DE-He213 |
| 005 |
20130725234428.0 |
| 007 |
cr nn 008mamaa |
| 008 |
120427s2012 it | s |||| 0|ita d |
| 020 |
|
|
|a 9788847020597
|9 978-88-470-2059-7
|
| 024 |
7 |
|
|a 10.1007/978-88-470-2059-7
|2 doi
|
| 040 |
|
|
|d GrThAP
|
| 050 |
|
4 |
|a RJ1-570
|
| 072 |
|
7 |
|a MJW
|2 bicssc
|
| 072 |
|
7 |
|a MED069000
|2 bisacsh
|
| 082 |
0 |
4 |
|a 618.92
|2 23
|
| 100 |
1 |
|
|a Mirabile, Lorenzo.
|e author.
|
| 245 |
1 |
0 |
|a Rianimazione in età pediatrica
|h [electronic resource] /
|c by Lorenzo Mirabile, Simonetta Baroncini.
|
| 264 |
|
1 |
|a Milano :
|b Springer Milan,
|c 2012.
|
| 300 |
|
|
|a XX, 787 pagg.
|b online resource.
|
| 336 |
|
|
|a text
|b txt
|2 rdacontent
|
| 337 |
|
|
|a computer
|b c
|2 rdamedia
|
| 338 |
|
|
|a online resource
|b cr
|2 rdacarrier
|
| 347 |
|
|
|a text file
|b PDF
|2 rda
|
| 520 |
|
|
|a La gestione e la rianimazione del bambino in condizioni critiche coinvolgono un vasto campo di conoscenze, tecniche e terapie che richiedono una prospettiva del tutto specifica. Questo volume, rivolto ad anestesisti rianimatori, chirurghi pediatrici e neonatologi, affronta tutte le principali tematiche legate alla terapia pediatrica d’urgenza: l’inquadramento del paziente, le condizioni critiche provocate da insufficienze d’organo, traumi, ustioni, disordini endocrinologici e gastrointestinali; argomenti delicati e cruciali come la morte cerebrale e la donazione d’organo, le diverse tecniche di rianimazione, i farmaci off label, le criticità specifiche del neonato pretermine. In quest’opera di particolare vastità, che ha coinvolto un gran numero di esperti, si è cercato di includere tutte le tematiche più decisive nella rianimazione pediatrica, e per questo potrà diventare un essenziale riferimento per tutti gli specialisti del settore.
|
| 650 |
|
0 |
|a Medicine.
|
| 650 |
|
0 |
|a Critical care medicine.
|
| 650 |
|
0 |
|a Pediatrics.
|
| 650 |
1 |
4 |
|a Medicine & Public Health.
|
| 650 |
2 |
4 |
|a Pediatrics.
|
| 650 |
2 |
4 |
|a Intensive / Critical Care Medicine.
|
| 700 |
1 |
|
|a Baroncini, Simonetta.
|e author.
|
| 710 |
2 |
|
|a SpringerLink (Online service)
|
| 773 |
0 |
|
|t Springer eBooks
|
| 776 |
0 |
8 |
|i Printed edition:
|z 9788847020580
|
| 856 |
4 |
0 |
|u http://dx.doi.org/10.1007/978-88-470-2059-7
|z Full Text via HEAL-Link
|
| 912 |
|
|
|a ZDB-2-SME
|
| 950 |
|
|
|a Medicine (Springer-11650)
|